Kadra Realu Madryt 2022/2023 - Statystyki

Ogólne statystyki
  • Ten quiz został rozwiązany 120 razy
  • Średni wynik to 13 z 24
Statystyki odpowiedzi
Hint Odpowiedź % Poprawnych
Napastnik Karim Benzema
78%
Pomocnik Luka Modrić
72%
Napastnik Rodrygo
71%
Napastnik Vinicius Junior
68%
Obrońca David Alaba
67%
Obrońca Eder Militao
67%
Pomocnik Toni Kroos
65%
Bramkarz Thibaut Courtois
64%
Obrońca Antonio Rudiger
62%
Pomocnik Eduardo Camavinga
60%
Obrońca Ferland Mendy
54%
Pomocnik Federico Valverde
53%
Pomocnik Aurelien Tchouameni
52%
Napastnik Eden Hazard
51%
Napastnik Marco Asensio
51%
Obrońca Nacho Fernandez
51%
Obrońca Daniel Carvajal
49%
Pomocnik Dani Ceballos
48%
Napastnik Mariano Diaz
46%
Obrońca Lucas Vazquez
45%
Bramkarz Andriy Lunin
34%
Obrońca Jesus Vallejo
34%
Obrońca Alvaro Odriozola
23%
Napastnik Alvaro Rodriguez
21%
Nie znaleziono quizów pasujących do podanych kryteriów
Rozkład punktacji
Procent ludzi z każdym wynikiem
Percentyl według liczby udzielonych odpowiedzi
Twoja historia wyników
Nie rozwiązałeś tego quizu